Libros recibidos.

Guardado en:
Detalles Bibliográficos
Autor corporativo: Centro de Estudios Educativos (México)
Formato: Desconocido
Idioma:Español
Temas:
Acceso en línea:Ver documento en línea
Etiquetas: Agrega una etiqueta
Sin etiquetas, Sé el primero en etiquetar este registro!

MARC

LEADER 00000c**#a2200000ua#4500
001 000529872
003 DLC
005 20260512000000.0
008 070820c^^^^9999^^^^r1^^^^^^^^0^^^^0spa^d
009 20260512123852.711
022 |a 01851284 
035 |a FCE 000074119 
037 |a Acervo ITESO - Biblioteca 
041 |a spa 
095 |a RLEE  |b 78-2-206 
110 |a Centro de Estudios Educativos (México) 
245 1 0 |a Libros recibidos. 
264 |a México :  |b Centro de Estudios Educativos,  |c 1978. 
336 |a texto  |b txt  |2 rdacontenido 
337 |a sin mediación  |b n  |2 rdamedio 
338 |a volumen  |b nc  |2 rdasoporte 
649 |a XX 
650 |a Ciencias sociales 
650 |a Publicaciones 
650 |a Libros impresos 
650 |a Investigación educativa 
740 |g vol. 8, no. 2, 1978, pp. 206-207  |t Revista Latinoamericana de Estudios Educativos. Libros, 
856 4 0 |u https://www.cee.edu.mx/rlee/revista/r1971_1980/r_texto/t_1978_2_10b.pdf  |y Ver documento en línea 
910 |a Fondo Centro de Estudios Educativos 
920 |a Impresos - Libros 
930 |a Fondos Especiales 
905 |a 133 
902 |a https://opac.biblio.iteso.mx/vufind/Record/000529872